00973nam a2200265Ia 4500003000400000005001700004006001800021007000300039008004100042024001100083037001100094040001800105041001300123100002400136110009300160245014800253260000900401300001800410650002900428700003800457700009300495942001200588999001900600952008800619OSt20220930081848.0a|||||r|||| 00| 0ta220926b |||||||| |||| 00| 0 eng d a109177 cTheses aCRLcCRLbeng 2engaeng aGupta Nitin9542232 aUniversity of Delhi. Faculty of Medical Sciences. Department of Gastroenterology9541184 0aComparative study of norfloxacin and probiotics on portal pressure in patients with cirrhosis and large varices who have never bled in the past c2009 a81p.ap.ccm. aGASTROENTEROLOGY9541185 a Dr. Shiv Kumar Sarin Gu.9542127 aUniversity of Delhi. Faculty of Medical Sciences. Department of Gastroenterology9541186 cDIS2CC c872122d872122 00104070aCRLbCRLd2022-09-30l0pTH0017798r2022-09-30 00:00:00w2022-09-30yTH